000
00296nam a22001097a 4500
999
_c
2913
_d
2913
008
181231b ||||| |||| 00| 0 eng d
100
_a
Klug, Janet
245
_a
Building better stamp clubs
260
_b
American Philatelic Society
_c
1996
650
_a
Organizations | MLC
700
_a
Lawrence, Linda